The westwide forest inventory data base: user's manual

Guardat en:
Dades bibliogràfiques
Autors principals: Woudenberg, Sharon W (Autor), Farrenkopt, Thomas O (Autor)
Format: Llibre
Idioma:anglès
Publicat: Ogden Intermountain Research Station 1995
Matèries:
Etiquetes: Afegir etiqueta
Sense etiquetes, Sigues el primer a etiquetar aquest registre!

MARC

LEADER 00000nam a2200000 a 4500
001 UCU4449
003 CL-VaPUC
008 960524e19950000US |||||||||||||||||eng|d
082 0 4 |a 581.5  |b WOU  |2 21 
100 0 |a Woudenberg, Sharon W  |e author  |9 362007 
700 0 |a Farrenkopt, Thomas O  |e author  |9 362008 
245 1 4 |a The westwide forest inventory data base: user's manual 
300 |a 67 p 
942 |c BK 
945 |d 19960524 00:00:00  |a rbrito 
260 |a Ogden  |b Intermountain Research Station  |c 1995 
650 0 |a Aplicaciones de computadores  |9 260401 
650 7 |a PROTECCION  |2 CL-VaPUC  |9 362010 
650 0 |a Vegetación  |9 264748 
650 0 |a Ecología   |9 258124 
650 0 |a Botánica  |9 264202 
650 0 |a Bosques  |9 269804 
650 0 |a Árboles  |9 264746 
583 |a last modification  |c 19960524 00:00:00  |k Rodrigo Vera 
999 |c 248151  |d 248149 
952 |0 0  |1 0  |4 0  |6 581_500000000000000_WOU_1995  |7 0  |8 A  |9 264587  |a BIBING  |b BIBING  |d 2019-11-19  |i 3202577  |o 581.5 WOU 1995  |p 3202577  |r 2025-01-20  |w 2019-11-19  |y BK  |k GEO